000
00463nam a2200169Ia 4500
008
090711s9999 xx 000 0 und d
082
_b
45144
100
_a
ओक सुनेत्रा
245
_a
आय कन्फेस
260
_c
1982
300
_a
85
600
_a
ओक सुनेत्रा
630
_a
आय कन्फेस
700
_a
ओक सुनेत्रा
730
_a
आय कन्फेस
942
_c
BOOK
999
_c
326971
_d
326971